Paleo comfort foods : (Record no. 3483)

MARC details
000 -LEADER
fixed length control field 00759nam a22002297a 4500
003 - CONTROL NUMBER IDENTIFIER
control field OSt
005 - DATE AND TIME OF LATEST TRANSACTION
control field 20250708084941.0
008 - FIXED-LENGTH DATA ELEMENTS--GENERAL INFORMATION
fixed length control field 250708b |||||||| |||| 00| 0 eng d
020 ## - INTERNATIONAL STANDARD BOOK NUMBER
International Standard Book Number 9781936608935
040 ## - CATALOGING SOURCE
Original cataloging agency DWCL - Main lib
Transcribing agency OC
082 ## - DEWEY DECIMAL CLASSIFICATION NUMBER
Classification number Circ. 641.555 M466 2011
100 ## - MAIN ENTRY--PERSONAL NAME
Personal name Mayfield, Julie
245 ## - TITLE STATEMENT
Title Paleo comfort foods :
Remainder of title homestyle cooking for a gluten-free kitchen/
Statement of responsibility, etc. Julie Mayfield
260 ## - PUBLICATION, DISTRIBUTION, ETC.
Place of publication, distribution, etc. USA :
Name of publisher, distributor, etc. Victory Belt Publishing,
Date of publication, distribution, etc. c2011.
300 ## - PHYSICAL DESCRIPTION
Extent 336 pages :
Other physical details illustrations (some color) ;
Dimensions 28 cm.
504 ## - BIBLIOGRAPHY, ETC. NOTE
Bibliography, etc. note Includes index.
650 ## - SUBJECT ADDED ENTRY--TOPICAL TERM
Topical term or geographic name entry element 1. Gluten-free diet--Recipes.
650 ## - SUBJECT ADDED ENTRY--TOPICAL TERM
Topical term or geographic name entry element 2. Gluten-free foods.
650 ## - SUBJECT ADDED ENTRY--TOPICAL TERM
Topical term or geographic name entry element 3. Prehistoric peoples--Food
650 ## - SUBJECT ADDED ENTRY--TOPICAL TERM
Topical term or geographic name entry element 4. Quick and easy cooking.
942 ## - ADDED ENTRY ELEMENTS (KOHA)
Source of classification or shelving scheme Dewey Decimal Classification
Koha item type Book Circulation
Call number prefix Circ.
Suppress in OPAC No
952 ## - LOCATION AND ITEM INFORMATION (KOHA)
--
Holdings
Withdrawn status Lost status Source of classification or shelving scheme Damaged status Not for loan Home library Current library Shelving location Date acquired Source of acquisition Total Checkouts Full call number Barcode Date last seen Copy number Price effective from Koha item type Uniform Resource Identifier
    Dewey Decimal Classification     College Library College Library Circulation 02/12/2018 Donation   Circ. 641.555 M466 2011 51740 07/08/2025 c1 07/08/2025 BK-CIRC